书目信息 |
| 题名: |
潇洒才子梁实秋
|
|
| 作者: | 刘炎生 著 | |
| 分册: | ||
| 出版信息: | 武汉 湖北人民出版社 2006.06 |
|
| 页数: | 297页 | |
| 开本: | 23cm | |
| 丛书名: | ||
| 单 册: | ||
| 中图分类: | K825.6=74 | |
| 科图分类: | ||
| 主题词: | ||
| 电子资源: | ||
| ISBN: | 7-216-04695-1 | |
| 000 | 00789nam0 2200217 450 | |
| 001 | 367817 | |
| 005 | 20080827163338.81 | |
| 010 | @a7-216-04695-1@dCNY32.00 | |
| 100 | @a20060104d2006 em y0chiy0110 ea | |
| 101 | 0 | @achi |
| 102 | @aCN@b420000 | |
| 105 | @aa z 000yb | |
| 200 | 1 | @a潇洒才子梁实秋@Axiao sa cai zi liang shi qiu@f刘炎生著 |
| 210 | @a武汉@c湖北人民出版社@d2006.06 | |
| 215 | @a297页@c照片@d23cm | |
| 330 | @a本书讲述了梁实秋的生活、求学、创作经历。主要有“在古老的家庭中长大”、“清华八年”、“赴美留学”、“返国初年”、“‘新月’理论家”、“在抗战的日子里”、“脱离政治漩涡”等篇章。 | |
| 600 | 0 | @a梁实秋@Aliang shi qiu@f1902-1987@x传记 |
| 690 | @aK825.6=74@v4 | |
| 701 | 0 | @a刘炎生@Aliu yan sheng@f1939-@4著 |
| 801 | 0 | @aCN@c20080827 |
| 905 | @aZUCC@dK825.6=74@eL700 | |
| 潇洒才子梁实秋/刘炎生著.-武汉:湖北人民出版社,2006.06 |
| 297页:照片;23cm |
| ISBN 7-216-04695-1:CNY32.00 |
| 本书讲述了梁实秋的生活、求学、创作经历。主要有“在古老的家庭中长大”、“清华八年”、“赴美留学”、“返国初年”、“‘新月’理论家”、“在抗战的日子里”、“脱离政治漩涡”等篇章。 |
| ● |
| 相关链接 |
|
|
|
正题名:潇洒才子梁实秋
索取号:K825.6=74/L700
 
预约/预借
| 序号 | 登录号 | 条形码 | 馆藏地/架位号 | 状态 | 备注 |
| 1 | 676056 | 206760566 | 社科库309/309社科库 53排4列5层/ [索取号:K825.6=74/L700] | 在馆 | |
| 2 | 676057 | 206760575 | 社科库309/309社科库 53排4列5层/ [索取号:K825.6=74/L700] | 在馆 | |
| 3 | 676058 | 206760584 | 社科库309/309社科库 53排4列5层/ [索取号:K825.6=74/L700] | 在馆 |